Vieilles photos de personnalités (4) - Statistiques

Statistiques générales
  • Ce quiz a été pris 144 fois
  • Le résultat moyen est 10 sur 20
Statistiques - réponses
Par images Réponse % Correct
MC {Solaar}
96%
Line {Renaud}
95%
Julien {Lepers}
78%
Hugues {Aufray}
72%
Michel {Sardou}
69%
Charlélie {Couture}
66%
Guy {Marchand}
66%
Juliette {Gréco}
63%
Raymond {Devos}
62%
Michel {Berger}
59%
Julie {Piétri}
51%
Claude {Nougaro}
49%
Pierre {Tchernia}
38%
Loulou {Gasté}
31%
Ménie {Grégoire}
29%
{Christophe}
27%
René {Goscinny}
24%
{Popeck}
15%
Michel {Legrand}
13%
{Mireille}
1%
Aucun quiz correspondant
Distribution des résultats
% des personnes avec chaque résultat
Percentile par nombre de réponses
Votre historique - résultats
Vous n’avez pas pris ce quiz